La leyenda de Sira y Ondú / (Registro nro. 12584)
[ vista simple ]
| 000 -LEADER | |
|---|---|
| fixed length control field | 00828nam a22002537a 4500 |
| 003 - CONTROL NUMBER IDENTIFIER | |
| control field | DO-SdBNP |
| 005 - DATE AND TIME OF LATEST TRANSACTION | |
| control field | 20170714081913.0 |
| 008 - FIXED-LENGTH DATA ELEMENTS--GENERAL INFORMATION | |
| fixed length control field | 170714b1994 sp | 00| 0 spa d |
| 020 ## - INTERNATIONAL STANDARD BOOK NUMBER | |
| International Standard Book Number | 8426320104 |
| 040 ## - CATALOGING SOURCE | |
| Original cataloging agency | BPMSU |
| Language of cataloging | spa |
| Transcribing agency | BPMSU |
| 082 ## - DEWEY DECIMAL CLASSIFICATION NUMBER | |
| Classification number | 863.6 |
| Item number | A284l |
| 100 ## - MAIN ENTRY--PERSONAL NAME | |
| Personal name | Aguirre Bellver, Joaquín, |
| Dates associated with a name | 1926-2005. |
| 245 ## - TITLE STATEMENT | |
| Title | La leyenda de Sira y Ondú / |
| Statement of responsibility, etc. | Joaquín Aguirre Bellver ; ilustrado por Juan Acosta. |
| 250 ## - EDITION STATEMENT | |
| Edition statement | 2a. ed. |
| 260 ## - PUBLICATION, DISTRIBUTION, ETC. (IMPRINT) | |
| Place of publication, distribution, etc. | Zaragoza : |
| Name of publisher, distributor, etc. | Edelvives, |
| Date of publication, distribution, etc. | 1994 |
| 300 ## - PHYSICAL DESCRIPTION | |
| Extent | 75 p. : |
| Other physical details | il. ; |
| Dimensions | 18 cm. |
| 490 ## - SERIES STATEMENT | |
| Series statement | Ala delta.(Serie verde) ; |
| Volume/sequential designation | 127 |
| 500 ## - GENERAL NOTE | |
| General note | A partir de los 11 años. |
| 650 ## - SUBJECT ADDED ENTRY--TOPICAL TERM | |
| Topical term or geographic name as entry element | Cuentos infantiles españoles. |
| 700 ## - ADDED ENTRY--PERSONAL NAME | |
| Personal name | Acosta, Juan Agustín, |
| Dates associated with a name | 1946-, |
| Relator term | ilustración |
| 830 ## - SERIES ADDED ENTRY--UNIFORM TITLE | |
| Uniform title | Ala delta. |
| Name of part/section of a work | Serie verde ; |
| Key for music | |
| Volume number/sequential designation | 127 |
| 942 ## - ADDED ENTRY ELEMENTS (KOHA) | |
| Source of classification or shelving scheme | Dewey Decimal Classification |
| Koha item type | Mapas |
| 956 ## - LOCAL ELECTRONIC LOCATION AND ACCESS (OCLC) | |
| Host name | VMATEO |
| Access number | 10 |
| Compression information | 20170714 |
| Path | BPMSU |
| Electronic name | 0069 |
| Withdrawn status | Lost status | Source of classification or shelving scheme | Damaged status | Not for loan | Collection code | Home library | Current library | Date acquired | Total Checkouts | Full call number | Barcode | Date last seen | Price effective from | Koha item type |
|---|---|---|---|---|---|---|---|---|---|---|---|---|---|---|
| Dewey Decimal Classification | Colección Infantil General | Biblioteca Pública Metropolitana Salomé Ureña | Biblioteca Pública Metropolitana Salomé Ureña | 07/14/2017 | 863.6 A284l | BPMET17070015 | 07/14/2017 | 07/14/2017 | Mapas |